00405nam a2200145Ia 4500008004100000020001800041041000800059082001500067100003400082245004500116260004000161300000800201365001600209700003400225230718s9999 xx 000 0 und d a9781422157992 aeng a650.1bHAR aHarvard Business Review Press aHBR's 10 Must Reads On Managing Yourself c2010bHarvard Business Review Press a198 cRs.b750.00 aHarvard Business Review Press